Регионална библиотека "Любен Каравелов" - Русе

Ензимният фактор (Запис номер 134589)

MARC детайли
000 -Лидер
Контролно поле с фиксирана дължина 03244nam a2200493 c 4500
003 - Код на организацията, давaща контролен номер
Контролно поле BLK
005 - Дата и час на последна редакция
Контролно поле 20250306083451.0
008 - Елементи от данни с фиксирана дължина
fixed length control field 180409b bul|||||r ||||||| ||bul||
010 ## - Наследен системен номер
LC control number KNG00140503000
020 ## - Международен стандартен номер на книга ISBN
Международен стандартен номер на книга ISBN 978-954-28-0469-7
-- издат.: Сиела Софт енд Паблишинг
040 ## - Източник на каталожния запис
Идентификатор на билиотеката - собственик на записа BLK
041 ## - Код за език
Код за езика на текст/звукозапис или на отделно заглавие Български
Код за езика КДБФ Български
072 #7 - Код за тематичната категория
Код организация bullib
Код за тематична категория Н61
Текст Медицина Н
072 #7 - Код за тематичната категория
Код организация bullib
Код за тематична категория Л04
Текст Лечебно хранене
080 ## - УДК
Текстов определител УДК Биохимия на човека (Физиологична химия) - Ензими, ферменти, химически състав на човешкото тяло, обмяна на веществата и влияние на температурата и нервната система върху нея, пигменти. Вж и 577.1
УДК код - определител по УДК 612.015
УДК определител
УДК - код + определител 612.015
080 ## - УДК
Текстов определител УДК Физиология на храненето. Глад. Жажда - Действие и усвояване на различни хранителни вещества:витамини, въглерод, азот, вода, сярарфосфор, желязо, минерални соли;растителни и животински храни;ка
УДК код - определител по УДК 612.39
УДК определител
УДК - код + определител 612.39
080 ## - УДК
Текстов определител УДК Хигиена на храненето. Режим на храненето. Вж и 612.39 ; 614.3 ; 615.874 ; 641
УДК код - определител по УДК 613.2
УДК определител
УДК - код + определител 613.2
100 1# - Редна дума - Автор
Автор Шиния Хироми
Авторска отговорност първи автор
R(LIN) 143454
139 ## - Редно поле
Редна дума Шиния Хироми
Авторски знак Шин - Ш 66
245 10 - Сведения за заглавието
Заглавие Ензимният фактор
Подзаглавни данни Диета на бъдещето, която предпазва от сърдечносъдови болести, лекува рак и стопира диабета тип 2
Редно поле (дума) Шиния Хироми; * Петър Миронов Герасимов; прев. от англ. Петър Миронов Константинов-Герасимов.
257 ## - Страна на издаване
Страна на създаване/издаване Япония
260 ## - Област на издателските данни
-- София
Име на издателя, разпространителя и проч. Сиела Софт енд Паблишинг
Година на издаване 2009
300 ## - Физическа характеристика
Страници 188 с.
Размери/Мащаб 21 см
380 ## - Жанр
Жанр Медицина
500 ## - Общи забележки
Забележка Ориг. загл. Byoki ni naranai ikikata ; Прев. по The enzyme factor / Hiromi Shinya. - Прев. известен като Петър Миронов Герасимов. - Съдържа и Седемте ключа на д-р Шиния за добро здраве ; Препоръчителни диети за здравословно хранене ; Лечебни храни. - Офс. изд.
650 #4 - Допълнително описание по предмет – тема
Основно описание – тема или топоним Ензими
9 (RLIN) 154946
650 #4 - Допълнително описание по предмет – тема
Основно описание – тема или топоним Хранене - физиология
9 (RLIN) 295048
650 #4 - Допълнително описание по предмет – тема
Основно описание – тема или топоним Хранене - хигиена
9 (RLIN) 244313
650 #4 - Допълнително описание по предмет – тема
Основно описание – тема или топоним Храни - състав
9 (RLIN) 253133
653 ## - Ключова дума – ненормативна
Ключова дума ензими
653 ## - Ключова дума – ненормативна
Ключова дума хигиена на храненето
653 ## - Ключова дума – ненормативна
Ключова дума храни
653 ## - Ключова дума – ненормативна
Ключова дума болести
659 ## - Тематичен бюлетин
Тематичен бюлетин Л
659 ## - Тематичен бюлетин
Тематичен бюлетин Н
700 ## - Други автори (авторска отговорност)
Лично име Герасимов, Петър Миронов
9 (RLIN) 323052
700 1# - Други автори (авторска отговорност)
Лично име Константинов-Герасимов, Петър Миронов
9 (RLIN) 303110
852 ## - Местоположение
Форматна сигнатура Цб 258692
856 4# - Електронен адрес и достъп
Електронен формат pdf - файл
Път до файла /url/
856 4# - Електронен адрес и достъп
Електронен формат pdf - файл
Път до файла /url/
942 ## - АРТИКУЛИ
Вид на библиотечния материал Книги
Скрит в OPAC Не
Koha issues (borrowed), all copies 11
944 ## - СЪЗДАВАНЕ И РЕДАКЦИЯ на ЗАПИСА
Създаване/Редакция Създаване
Дата на регистрацията/редакция 08.03.2013
Статус, дата на статуса Цветелина Шанова
Служител, извършил регистрацията/редакцията 30531
944 ## - СЪЗДАВАНЕ И РЕДАКЦИЯ на ЗАПИСА
Създаване/Редакция Редакция
Дата на регистрацията/редакция 16.03.2016
Статус, дата на статуса ф /
Служител, извършил регистрацията/редакцията Людмила_Стоянова
999 ## - СИСТЕМНИ КОНТРОЛНИ НОМЕРА
Koha biblionumber 134589
Koha biblioitemnumber 134589
Наличности
Код за отписване Код за изгубен артикул Код за повреда Коз за рестрикции Код за отдаване Артикулен № Име на библиотеката - собственик Име на библиотеката, в която се намира в момента Статус (Текущо местоположение) Дата на вписване в системата Местоположение - отдел Цена в лева Инвентарен номер Систематично азбучна сигнатура Баркод Номер на екземпляра Цена в евро Служебна бележка Служебен тип на артикула
  Не е изгубен Не е повреден без рестрикции ползва се в читалня 219918 Регионална библиотека "Любен Каравелов" Русе Регионална библиотека "Любен Каравелов" Русе Хранилище 2013-03-11 Основен фонд - ползва се само за читалня 7.70 120000764866 Цб 258692 120000764866 1 3.94 Дост: Pk Вид: Ф N: 423 Дата: 03.03.2013 Книги
  Не е изгубен Не е повреден без рестрикции ползва се в читалня 219919 Регионална библиотека "Любен Каравелов" Русе Регионална библиотека "Любен Каравелов" Русе Читалня 2013-03-11 Читалня 7.70 120000764867 Ч 612/Ш 66 120000764867 2 3.94 Дост: Pk Вид: Ф N: 423 Дата: 03.03.2013 Дата инв: 17.03.2017 Бележки инв: Ч2017 Книги
  Не е изгубен Не е повреден без рестрикции заемане за дома 219920 Регионална библиотека "Любен Каравелов" Русе Регионална библиотека "Любен Каравелов" Русе Заемна - подръчен фонд 2016-03-15 Заемна - подръчен фонд 5.50 120000798928 П 612.01/Ш 66 120000798928 3 2.81 Дост: Pk Вид: Ф N: 1326 Дата: 03.03.2016 Дата инв: 02.02.2018 Бележки инв: П2018 Книги
Vip Innovations Ltd, Rousse, Bulgaria 2025